Hogares Mundet : 1954-2004 [Enregistrament de vídeo] 1954-2004 [Enregistrament de vídeo]
Descripción Física:
1 disc òptic (DVD) ca. 12 min : b/n, col., so
Materias:
Llars Mundet -- Història
MARC
| LEADER | 00000nam a2200000Ia 4500 | ||
|---|---|---|---|
| 001 | 18264 | ||
| 008 | 160829s2004] xx 000 0 cat d | ||
| 080 | |a CD-1-72 | ||
| 245 | |a Hogares Mundet : |b 1954-2004 [Enregistrament de vídeo] | ||
| 260 | |a [Barcelona : |b s.n., |c 2004] | ||
| 300 | |a 1 disc òptic (DVD) ca. 12 min : |b b/n, col., so | ||
| 590 | |a Conté 4 documentals: 1. ¿Qué seré yo?... interpretada por Mary-Carmen Buendía; 2. Juventud alegre y deportista; 3. Hogares Ana G. de Mundet, interpretat per Luís Monés i José Daubé; 4. Festival gimnástico : 1967, dirigido y realizado por Ángel García | ||
| 610 | 2 | 0 | |a Llars Mundet |x Història |9 54212 |
| 710 | |a Llars Mundet |9 3004 | ||
| 901 | |a Arxiu | ||
| 942 | |n 1 | ||
| 952 | |0 0 |1 0 |4 0 |6 CD172 |7 1 |9 41857 |a Arxiu |b Arxiu |d 2016-12-01 |l 0 |o CD-1-72 |p 18264 |r 2016-12-01 00:00:00 |w 2016-12-01 |y ARXIU | ||
| 999 | |c 44304 |d 44304 | ||